Państwa według zdjęcia #6 - Statystyki

Ogólne statystyki
  • Ten quiz został rozwiązany 2 599 razy
  • Średni wynik to 8 z 14
Statystyki odpowiedzi
Obrazkowy Odpowiedź % Poprawnych
Wielka Brytania
91%
Korea Północna
84%
Republika Południowej Afryki
77%
Chiny
69%
Włochy
67%
Izrael | Palestyna | Jordania
53%
Afganistan
47%
Irak
47%
Nikaragua
47%
Tanzania
44%
Austria
39%
Rosja
39%
Hiszpania
32%
Namibia
18%
Nie znaleziono quizów pasujących do podanych kryteriów
Rozkład punktacji
Procent ludzi z każdym wynikiem
Percentyl według liczby udzielonych odpowiedzi
Twoja historia wyników
Nie rozwiązałeś tego quizu